| 000 | 00639nam a22001577a 4500 | ||
|---|---|---|---|
| 008 | 170308b xxu||||| |||| 00| 0 eng d | ||
| 082 |
_22016 _aUT 0689 _bW18 |
||
| 100 |
_919088 _aWamar, Jessie Lyn A. |
||
| 245 |
_aComparative Analysis of Communication Strategies Used in Teaching Percent Problems In UM Digos College. _cJessie Lyn A. Wamar, Roel G. Cabulanan and Rose mary Joy C. Cardeño. |
||
| 300 |
_a56 pages; _b29 cm. |
||
| 650 | 0 |
_919089 _aEducation _vMathematics _xUndergraduate Thesis. |
|
| 700 |
_919090 _aWamar, Jessie Lyn A. |
||
| 700 |
_919091 _aCabulanan, Roel G. |
||
| 700 |
_919092 _aCardeño, Rose Mary Joy C. |
||
| 942 |
_2ddc _cUT |
||
| 999 |
_c6354 _d6354 |
||